Catálogo público

Producción de bovinos para carne en confinamiento: guía práctica para técnicos y productores / Hermilo Suárez Domínguez (Record no. 217082)

MARC details
000 -CABECERA
campo de control de longitud fija 01027nam a2200265Ia 4500
001 - NÚMERO DE CONTROL
campo de control Z_6173
008 - DATOS DE LONGITUD FIJA--INFORMACIÓN GENERAL
campo de control de longitud fija 220601s9999 xx 000 0 und d
020 ## - NÚMERO INTERNACIONAL ESTÁNDAR DEL LIBRO
Número Internacional Estándar del Libro 978-607-12-0226-0
082 ## - NÚMERO DE LA CLASIFICACIÓN DECIMAL DEWEY
Número de clasificación 636.213 S83
100 1# - ENTRADA PRINCIPAL--NOMBRE DE PERSONA
Nombre de persona Suárez Domínguez, Hermilo
9 (RLIN) 110687
245 ## - MENCIÓN DE TÍTULO
Título Producción de bovinos para carne en confinamiento: guía práctica para técnicos y productores / Hermilo Suárez Domínguez
260 ## - PUBLICACIÓN, DISTRIBUCIÓN, ETC.
Lugar de publicación, distribución, etc. México : UACh
300 ## - DESCRIPCIÓN FÍSICA
Extensión 203 p.
503 ## - NOTA DE HISTORIA BIBLIOGRÁFICA (BK CF MU) [OBSOLETO]
Nota de historia bibliográfica ej.1, ej.2, ej.4: Donación del Profesor Hermilo Suárez Domínguez \ ej.3: reposición por el título: Curso internacional de reproducción ovina. Memorias. Ministerio de Ciencia y Tecnología (Madrid, 2001) folleto 644(A1760)
504 ## - NOTA DE BIBLIOGRAFÍA, ETC.
Nota de bibliografía, etc. Bibliografía: p. 189 - 191
650 ## - PUNTO DE ACCESO ADICIONAL DE MATERIA--TÉRMINO DE MATERIA
Término de materia o nombre geográfico como elemento de entrada 1. Ganado bovino
650 ## - PUNTO DE ACCESO ADICIONAL DE MATERIA--TÉRMINO DE MATERIA
Término de materia o nombre geográfico como elemento de entrada Ganado de carne
9 (RLIN) 45067
650 ## - PUNTO DE ACCESO ADICIONAL DE MATERIA--TÉRMINO DE MATERIA
Término de materia o nombre geográfico como elemento de entrada Ganado - Cría
650 ## - PUNTO DE ACCESO ADICIONAL DE MATERIA--TÉRMINO DE MATERIA
Término de materia o nombre geográfico como elemento de entrada Producción animalÌ
901 ## - ELEMENTOS DE DATOS A LOCAL LDA (RLIN)
a 636.213 S83
902 ## - ELEMENTOS DE DATOS B LOCAL, LDB (RLIN)
a M
905 ## - ELEMENTOS DE DATOS E LOCAL, LDE (RLIN)
a 5232272011 mx amn 8211113311spa16
942 ## - ELEMENTOS DE PUNTO DE ACCESO ADICIONAL (KOHA)
Tipo de ítem Koha Libro_
Holdings
Estado de retiro Estado de pérdida Fuente del sistema de clasificación o colocación Estado dañado Restricciones de uso No para préstamo Código de colección Localización permanente Ubicación/localización actual Fecha de adquisición Fuente de adquisición Número de inventario Total de préstamos Signatura topográfica completa Código de barras Fecha visto por última vez Número de copia Precio válido a partir de Tipo de ítem Koha
    Dewey Decimal Classification   Préstamo interno   General Zootecnia Zootecnia 02/01/2012 Donación S/N   636.213 S83 z_4149 20/10/2025 Ej.1 20/10/2025 Libro
    Dewey Decimal Classification   Préstamo interno   General Zootecnia Zootecnia 02/01/2012 Donación S/N   636.213 S83 z_4150 20/10/2025 Ej.2 20/10/2025 Libro
    Dewey Decimal Classification   Préstamo interno   General Zootecnia Zootecnia 20/10/2025 Reposición S/N   636.213 S83 z_6030 20/10/2025 Ej.3 20/10/2025 Libro
    Dewey Decimal Classification   Préstamo interno   General Zootecnia Zootecnia 02/01/2012 Donación S/N   636.213 S83 z_6341 20/10/2025 Ej.4 20/10/2025 Libro